00286nam a2200121Ia 45000030006000000080041000060400015000471000015000622450049000772600009001265460012001350050017001470STCL150530s9999 xx 000 0 und d aSTCLcSTCL aNevett, A. aToo many of us the Indian population problem c1952 aEnglish20220125170630.0